Colloidal Biomolecules, Biomaterials, and Biomedical Applications /

Guardat en:
Dades bibliogràfiques
Autor principal: Elaissari, Abdelhamid (ed.)
Format: Llibre
Idioma:anglès
Publicat: Nueva York, EUA : Marcel Dekker, 2004, c2004
Col·lecció:(Surfactant Science Series ; 116)
Matèries:
Etiquetes: Afegir etiqueta
Sense etiquetes, Sigues el primer a etiquetar aquest registre!

MARC

LEADER 00000nam^a2200000^a^4500
001 000189904
005 20250521000000.0
009 20260310102429.397
020 |a 0-8247-4779-8 
037 |a Acervo ITESO - Biblioteca 
041 |a ING 
082 |a 610. 28  |b ELA 
100 |a Elaissari, Abdelhamid  |e (ed.) 
245 1 0 |a Colloidal Biomolecules, Biomaterials, and Biomedical Applications /  |c Ed. de A. Elaissari. 
264 4 |a Nueva York, EUA :  |b Marcel Dekker,  |c 2004, c2004 
300 |a XII, 488 p. 
336 |a texto  |b txt  |2 rdacontenido 
337 |a sin mediación  |b n  |2 rdamedio 
338 |a volumen  |b nc  |2 rdasoporte 
440 1 |a (Surfactant Science Series ;  |v 116) 
649 |a XX 
650 |a Polímeros Coloidales -  |x Tema Principal 
650 |a Biomoléculas 
650 |a Materiales Biomédicos 
650 |a Ingeniería Biomédica 
910 |a Fondo General 
920 |a Impresos - Libros 
930 |a Colección General 
905 |a 101 
901 |a 0500133046  |b IT1  |c ACC  |u 20250521 
902 |a https://opac.biblio.iteso.mx/vufind/Record/000189904